Kỷ yếu khoa học, công nghệ và môi trường khu vực Đồng bằng Sông Cửu Long lần thứ 16 tại Cần Thơ

Đã lưu trong:
Bibliografiske detaljer
Hovedforfatter: Bộ KH, CN và môi trường
Format: Bog
Sprog:Undetermined
Udgivet: Bộ KHCN và MT 1999
Fag:
Tags: Tilføj Tag
Ingen Tags, Vær først til at tagge denne postø!
Thư viện lưu trữ: Trung tâm Học liệu Trường Đại học Cần Thơ
LEADER 00599nam a2200169Ia 4500
001 CTU_52900
008 210402s9999 xx 000 0 und d
082 |a 630.72 
082 |b B450 
100 |a Bộ KH, CN và môi trường 
245 0 |a Kỷ yếu khoa học, công nghệ và môi trường khu vực Đồng bằng Sông Cửu Long lần thứ 16 tại Cần Thơ 
245 0 |c Bộ KHCN và MT 
260 |b Bộ KHCN và MT 
260 |c 1999 
650 |a agriculture 
650 |x research 
980 |a Trung tâm Học liệu Trường Đại học Cần Thơ